Statistics for Animal Quiz

Click here to take the quiz!

General Stats

  • This quiz has been taken 10 times
  • The average score is 4 of 7

Answer Stats

HintAnswer% Correct
This animal hops and has a long earsRabbit
100%
This animal chases you when you runDog
88%
This animal is smart and climbs treesMonkey
88%
This animal is soft and fluffyCat
75%
This bird imitates the words your sayingParrot
63%
This bird cant flyChicken
25%
This is an insect and other people are afraid of itCockroach
0%

Score Distribution

Percentile by Number Answered

Percent of People with Each Score

Your Score History

You have not taken this quiz